Normal view
MARC view
- شطناوي ، علي خطار
Entry Personal Name
001 - CONTROL NUMBER
- control field: 16970
003 - CONTROL NUMBER IDENTIFIER
- control field: JO-AjAnu
005 - DATE AND TIME OF LATEST TRANSACTION
- control field: 20230606073015.0
008 - FIXED-LENGTH DATA ELEMENTS
- fixed length control field: 230606|| aca||aabn | a|a d
040 ## - CATALOGING SOURCE
- Original cataloging agency: JO-AjAnu
- Transcribing agency: JO-AjAnu
100 ## - HEADING--PERSONAL NAME
- Personal name: شطناوي ، علي خطار
670 ## - SOURCE DATA FOUND
- Source citation: Work cat.: (JO-AjAnu)8713: شطناوي ، علي خطار , author, نظرية المؤسسات العامة وتطبيقاتها في المملكة الأردنية الهاشمية